[Event "XXVII Actius Vallfogona Open"]
[Site "Vallfogona de Balaguer"]
[Date "2019.09.22"]
[Round "2.2"]
[White "Solani Nunez, Joshua"]
[Black "Sosa, Tomas"]
[Result "0-1"]
[WhiteElo "2002"]
[BlackElo "2524"]
[Annotator "TA"]
[PlyCount "22"]
[EventDate "2019.09.22"]
[EventCountry "ESP"]
[SourceTitle "playchess.com"]
[Source "ChessBase"]
[SourceQuality "1"]

{[%evp 9,28,29,33,21,30,-15,-33,-13,-20,-33,-24,-67,-76,-196,-99,-109,-100,-725,-701,-1279,-1280]} 1. d4 Nf6 2. c4 d6 3. Nc3 Bf5 4. Nf3 Nbd7 5. Bg5 (5. g3 e5 6. Bg2 c6 7. O-O Be7 8. b3 O-O 9. Bb2 h6 10. Re1 Qc7 11. e4 {½-½ (11) Lenic,L (2595)-Drazic,S (2540) Nova Gorica 2010}) 5... h6 6. Bh4 {A53: Old Indian Defence without Nf3} c5 7. d5 Qb6 $146 ({Predecessor:} 7... g5 8. Bg3 Bg7 9. e3 Ne4 10. Nxe4 Bxe4 11. Nd2 Bg6 12. e4 Bxb2 {0-1 (77) Warnk,T (1853)-Mateev,K (1539) Hersonissos 2018}) 8. Qc1 {Black is slightly better.} g5 9. Bg3 Bg7 10. e3 Ne4 $36 {[%mdl 2048] And now ...Qa5 would win. Black is on the roll.} 11. Be2 (11. Nd2 $17 Nxc3 12. bxc3) 11... Nxc3 {Played: Qb6xb2} 0-1

[Event "XXVII Actius Vallfogona Open"]
[Site "Vallfogona de Balaguer"]
[Date "2019.09.22"]
[Round "2.3"]
[White "Henriquez Villagra, Cristobal"]
[Black "Guix Torres, David"]
[Result "1-0"]
[WhiteElo "2587"]
[BlackElo "1952"]
[Annotator "TA"]
[PlyCount "101"]
[EventDate "2019.09.22"]
[EventCountry "ESP"]
[SourceTitle "playchess.com"]
[Source "ChessBase"]
[SourceQuality "1"]

{[%evp 9,101,32,34,0,37,-1,34,34,91,72,63,35,36,14,23,10,0,4,13,0,22,4,0,-2,-4,-10,0,0,33,37,58,68,111,115,109,115,113,108,173,178,224,225,277,278,354,275,340,335,312,326,285,250,295,330,297,299,406,367,542,595,683,657,811,647,558,578,1345,1286,2477,2459,2228,1983,29967,29963,29981,29980,29981,29973,29982,29983,29983,29984,29984,29985,29986,29987,29987,29985,29985,29986,29986,29987,29989,29990]} 1. e4 c5 2. Nf3 Nc6 3. Bb5 g6 4. O-O Nf6 5. Nc3 Bg7 6. Bxc6 {B31: Sicilian: 2...Nc6 3 Bb5 g6} dxc6 7. e5 Ng4 8. Re1 {White is slightly better.} Qc7 (8... O-O $14) (8... O-O 9. d3 Nh6 10. h3 Nf5 11. Ne4 b6 12. Bf4 Nd4 13. c3 Nxf3+ 14. Qxf3 Be6 15. Qe3 Qd5 16. c4 Qd7 17. Bh6 Rfd8 18. Bxg7 Kxg7 {0-1 (44) Vidit,S (2707)-Li,C (2732) Liaocheng 2018}) 9. Qe2 O-O 10. h3 Nh6 11. d3 Nf5 12. Bf4 Nd4 $146 ({Predecessor:} 12... Be6 13. Ne4 Nd4 14. Nxd4 cxd4 15. Ng5 Bd5 16. Qg4 e6 17. Qh4 h6 18. Ne4 Bxe4 19. Rxe4 {1-0 (19) Barski,R (2471)-Warakomski,T (2497) Chorzow 2019}) 13. Qd1 Be6 14. Bh2 h6 15. Ne4 b6 16. Nxd4 cxd4 17. Qd2 Kh7 18. Nf6+ exf6 (18... Kh8 {seems wilder.} 19. Ng4 h5 20. Nf6 c5 21. Ne4 Qc6) 19. exf6 {[%mdl 64] Discovered Attack} Qd7 20. fxg7 Kxg7 21. Bf4 Rh8 22. Be5+ $1 f6 {[#]} 23. Bxd4 $1 {[%mdl 576] Deflection} Qxd4 (23... Qd6 $16) 24. Rxe6 $18 Qd7 25. Rae1 {Intending Re7+ and mate.} Rae8 26. Qe3 {[%cal Re6e8]} Kf7 {[#]} 27. Rxe8 $1 ({Weaker is} 27. Re4 Rxe4 28. dxe4 (28. Qxe4 Re8 $16) 28... Qd6 $16) 27... Rxe8 28. Qxe8+ Qxe8 29. Rxe8 Kxe8 {[%mdl 4096] Endgame [#] KP-KP} 30. f4 $1 Kf7 31. Kf2 Ke6 32. Ke3 Kd5 33. c4+ Kd6 (33... Kc5 {keeps fighting.} 34. Ke4 a5) 34. b4 Ke6 35. g3 Kd6 36. Kd4 Ke6 37. Ke4 Kd6 38. f5 g5 39. d4 Kd7 40. c5 bxc5 41. bxc5 {White mates.} Ke7 42. d5 Kd7 43. Kd4 Kc7 44. d6+ Kd7 45. Kc4 Kc8 46. Kb4 Kb8 47. Ka5 Kb7 48. a3 {[%cal Ba2a3,Ba3a4][%mdl 32]} h5 49. g4 h4 50. a4 Kb8 51. Ka6 {Accuracy: White = 70%, Black = 25%.} 1-0

[Event "XXVII Actius Vallfogona Open"]
[Site "Vallfogona de Balaguer"]
[Date "2019.09.22"]
[Round "2.4"]
[White "Gabarro Sole, Ramon"]
[Black "Moskalenko, Viktor"]
[Result "0-1"]
[WhiteElo "2015"]
[BlackElo "2475"]
[Annotator "TA"]
[PlyCount "58"]
[EventDate "2019.09.22"]
[EventCountry "ESP"]
[SourceTitle "playchess.com"]
[Source "ChessBase"]
[SourceQuality "1"]

{[%evp 9,84,-29,-23,-37,-31,-36,-32,-48,-40,-75,-44,-45,-37,-285,-297,-297,-281,-292,-288,-316,-314,-279,-147,-174,-160,-164,-127,-122,-112,-126,-96,-156,-159,-129,-136,-130,-103,-106,-99,-120,-140,-166,-153,-183,-187,-179,-150,-157,-154,-139,-139,-138,-132,-154,-152,-242,-247,-245,-245,-242,-192,-251,-235,-294,-142,-410,-295,-363,-279,-410,-429,-403,-402,-1038,-1044,-1324,-1236]} 1. Nf3 g6 2. e4 Bg7 3. Nc3 d6 4. b3 (4. d4 Nf6 5. Be2 O-O 6. O-O e6 7. h3 Nc6 8. Be3 a6 9. a4 b6 10. Qd2 Bb7 11. Bg5 Ne7 12. Qe3 c5 13. Rfd1 Qc7 14. dxc5 bxc5 15. Qf4 Ne8 16. Qh4 Nc6 17. Bh6 Qe7 {½-½ (86) Harikrishna,P (2727)-Ponomariov,R (2714) Beijing 2014}) 4... c5 5. Bb2 Nc6 6. d3 {B06: Modern Defence} e5 7. Be2 Nge7 8. Qd2 {Black is slightly better.} a6 9. h4 $146 ({Predecessor:} 9. h3 b5 10. a4 b4 11. Nd1 f5 12. exf5 Nxf5 13. O-O {0-1 (26) Vamosi,L (1995)-Simai,M (2121) Eger 2008}) 9... h6 10. h5 g5 11. Nxg5 $2 (11. Nh2 $15) 11... hxg5 $19 12. Qxg5 Bh6 13. Qf6 Rh7 14. g4 Nd4 15. Bd1 Ng8 (15... Be6 $19 16. Qh4 Bf4) 16. Qxd8+ $17 Kxd8 17. Nd5 Be6 18. Bc1 Bxc1 19. Rxc1 f6 20. f4 ({White should try} 20. Rf1) 20... exf4 ({But not} 20... Bxd5 21. exd5 Ne7 22. c3 $15) 21. Nxf4 {[#] Black must now prevent c3.} Bf7 22. c3 Ne6 23. Nd5 Ng5 24. Nb6 Rb8 25. Rf1 Kc7 26. Nc4 Bxc4 27. bxc4 Rf8 28. Rc2 Rg7 29. Rg2 Nf7 {Played: Rf8-e8} 0-1

[Event "XXVII Actius Vallfogona Open"]
[Site "Vallfogona de Balaguer"]
[Date "2019.09.22"]
[Round "2.5"]
[White "Movsziszian, Karen"]
[Black "Sulleva Baiget, Alex"]
[Result "1-0"]
[WhiteElo "2475"]
[BlackElo "1985"]
[Annotator "TA"]
[PlyCount "73"]
[EventDate "2019.09.22"]
[EventCountry "ESP"]
[SourceTitle "playchess.com"]
[Source "ChessBase"]
[SourceQuality "1"]

{[%evp 9,73,-26,-16,0,8,5,34,22,16,17,37,16,55,55,60,58,58,60,229,220,226,201,206,197,197,183,291,309,344,360,441,296,311,306,341,337,395,334,427,409,504,496,475,452,668,633,692,691,702,700,683,658,635,620,621,550,546,515,697,696,795,781,858,866,1086,1079]} 1. g3 g6 2. Bg2 d6 3. c4 Bg7 4. Nc3 Nf6 5. b4 (5. e4 O-O 6. Nge2 c6 7. O-O a6 8. d4 b5 9. cxb5 axb5 10. e5 Ne8 11. Nxb5 Ba6 12. Nbc3 dxe5 13. dxe5 Qxd1 14. Rxd1 Bxe5 15. Bf4 Bxe2 16. Nxe2 Bxf4 17. Nxf4 {1-0 (54) Harikrishna,P (2744)-Rakhmanov,A (2653) Riadh 2017}) 5... O-O 6. Rb1 {A16: English Opening: 1...Nf6 with ...d5} e5 7. d3 Nbd7 8. Nf3 {White is slightly better.} Re8 9. Nd2 Nh5 $146 ({Predecessor:} 9... c6 10. b5 c5 11. O-O Nf8 12. Nd5 Nxd5 13. cxd5 {1-0 (27) Uogele,A (2260)-Grigutavicius,D (2145) Vilnius 1996}) 10. Qb3 c6 11. O-O f5 12. c5+ d5 13. e4 fxe4 $2 {[#]} (13... Ndf6 $14) 14. dxe4 $18 Ndf6 15. exd5 cxd5 16. Nxd5 ({But not} 16. Bxd5+ $6 Nxd5 17. Qxd5+ Kh8 $16) 16... Be6 {[%cal Rf6d5]} 17. Nxf6+ Bxf6 (17... Nxf6 {was necessary.} 18. Qc2 Qe7) 18. Qa4 Bf5 19. Ne4 (19. Bxb7 Rb8) 19... Qd3 20. Qb3+ Qxb3 21. Rxb3 ({Don't take} 21. axb3 $6 Bg7 $18) 21... Re7 22. Rd1 Be6 23. Rb2 Kf7 24. Nd6+ Kg7 25. Bxb7 {White is clearly winning.} Rb8 26. Be4 Bd7 (26... Rc7 $142 27. a3 Kf8) 27. c6 Be6 28. b5 Rc7 29. Be3 Be7 30. a4 Nf6 {intending ...Bg4.} 31. Bg2 Bg4 32. f3 Be6 33. f4 Ng4 34. Bc5 Rf8 35. h3 Nf6 36. fxe5 Nh5 37. a5 {Accuracy: White = 86%, Black = 28%.} 1-0

[Event "XXVII Actius Vallfogona Open"]
[Site "Vallfogona de Balaguer"]
[Date "2019.09.22"]
[Round "2.6"]
[White "Cardona Alcaide, Roberto"]
[Black "Oliva Castaneda, Kevel"]
[Result "1/2-1/2"]
[WhiteElo "2000"]
[BlackElo "2470"]
[Annotator "TA"]
[PlyCount "103"]
[EventDate "2019.09.22"]
[EventCountry "ESP"]
[SourceTitle "playchess.com"]
[Source "ChessBase"]
[SourceQuality "1"]

{[%evp 12,103,31,25,42,25,35,32,41,7,11,0,6,-13,45,42,35,47,35,20,14,5,5,0,6,0,0,0,0,0,0,0,0,0,0,0,0,0,0,0,0,-7,0,0,3,0,5,5,5,0,0,-160,-6,-64,-64,-64,-26,-64,-62,-80,-31,-111,-112,-131,-127,-127,-114,-118,-106,-131,-99,-111,-111,-120,-118,-120,-117,-120,-41,-123,-123,-128,-128,-134,-33,-75,-33,-33,-33,-33,-33,-33,-33,-33]} 1. e4 e5 2. Nf3 Nc6 3. d4 exd4 4. Nxd4 Bc5 5. Nb3 Bb6 6. Qe2 d6 7. Nc3 Nd4 {C45: Scotch Game} (7... Nge7 8. Be3 O-O 9. O-O-O f5 10. f4 fxe4 11. g3 Bxe3+ 12. Qxe3 Nf5 13. Bc4+ Kh8 14. Qe2 e3 15. Rhf1 {1-0 (39) Navara,D (2739)-Laznicka,V (2670) Prague 2019}) 8. Nxd4 Bxd4 9. Bd2 Nf6 {White is slightly better.} 10. Qc4 $146 ({Predecessor:} 10. O-O-O Ng4 11. Qe1 Qf6 12. Nd5 Bxb2+ 13. Kb1 Qe5 14. f4 {1-0 (14) Godoy,C (2128)-Millain,D Torre Blanca 2018}) 10... Bb6 11. Be2 O-O 12. O-O Ng4 (12... Re8 $11) 13. Nd5 $14 Be6 {Threatens to win with ...Nxf2.} 14. Bxg4 Bxg4 15. Nxb6 axb6 16. a3 Be6 17. Qd4 Qd7 18. Bc3 {[%csl Gc3][%cal Rd4g7]} (18. Rfe1 {is interesting.} Ra6 19. Bc3 f6 20. f3 Re8 21. Qf2) 18... f6 19. Rad1 Ra4 20. Qe3 Qc6 21. Rd4 (21. Rfe1 {feels hotter.} Re8 22. f3 Bf7 23. Qd2 h6 24. Bb4) 21... Rfa8 22. Rfd1 Rxd4 23. Rxd4 Bf7 24. f3 Qc5 25. Kf2 b5 26. Rd2 Qh5 27. Kg1 Re8 28. Qf4 Qc5+ 29. Bd4 Qc4 30. b3 Qc6 31. Qf5 $2 {[#]} (31. h4 $11) 31... Bg6 $2 (31... Bxb3 $1 $17 {[%mdl 512]} 32. Qg4 (32. cxb3 Qc1+) 32... Be6) 32. Qd5+ ({Better is} 32. Qf4 $11) 32... Qxd5 $15 33. exd5 {[%mdl 4096] Endgame KRB-KRB} Re1+ 34. Kf2 Rc1 35. c3 Ra1 36. b4 (36. Ba7 $15) 36... Rxa3 $17 37. Re2 {intending Re7.} Kf8 38. Ke3 Bf7 39. Ke4 Ke7 40. h3 Kd7 41. g4 Ra8 42. g5 fxg5 43. Bxg7 Rg8 44. Bf6 Bh5 (44... Re8+ $17 45. Kd3 Bg6+ 46. Kd2 Rf8) 45. Kd4 (45. Kf5 $15) 45... Bxf3 46. Re7+ Kc8 47. Rxh7 Bg2 (47... g4 $17 {aiming for ...g3.} 48. Ke3 Bxd5) 48. Rh5 b6 49. Rxg5 {Black is slightly better.} Rxg5 50. Bxg5 Bxh3 51. Bh4 Kd7 52. Bg5 {Accuracy: White = 31%, Black = 53%.} 1/2-1/2

[Event "XXVII Actius Vallfogona Open"]
[Site "Vallfogona de Balaguer"]
[Date "2019.09.22"]
[Round "2.7"]
[White "Perez Mitjans, Orelvis"]
[Black "Cano Sevilla, Ivan"]
[Result "1-0"]
[WhiteElo "2409"]
[BlackElo "2004"]
[Annotator "TA"]
[PlyCount "68"]
[EventDate "2019.09.22"]
[EventCountry "ESP"]
[SourceTitle "playchess.com"]
[Source "ChessBase"]
[SourceQuality "1"]

{[%evp 16,68,-20,-32,59,62,67,54,44,30,64,68,78,85,158,55,72,63,62,60,66,77,79,74,68,65,60,-14,84,7,7,8,328,354,339,325,374,272,390,411,399,412,395,397,408,406,395,383,627,626,1735,1758,12837,12838,29991]} 1. e4 c5 2. Nc3 g6 3. f4 Bg7 4. Nf3 Nc6 5. Bc4 e6 6. O-O Nge7 7. d3 O-O 8. Bb3 d5 9. Qe1 b5 {B23: Closed Sicilian: Lines without g3} (9... b6 $15) 10. Nxb5 $14 Qb6 11. c4 Ba6 {White is slightly better.} 12. a4 (12. cxd5 Bxb5 13. dxc6 Bxd3 $15) 12... Na5 13. Ba2 {[%cal Re4d5]} dxc4 14. Bxc4 Rfd8 {[#]} (14... Bb7 $142) 15. Kh1 (15. Bd2 $1 $16 {[%cal Rd2a5]} Nec6 16. Bc3) 15... Nec6 16. f5 {Hoping for fxg6.} Nxc4 (16... gxf5 $2 17. Qg3 $18) 17. dxc4 exf5 18. exf5 Nd4 $146 19. Nfxd4 cxd4 20. Bg5 Re8 21. Qh4 (21. Qd2 $14) 21... Rac8 (21... Bb7 $11 22. c5 Qxc5) 22. f6 (22. a5 $16 Qc5 23. fxg6 fxg6 24. Bf6 Bxf6 25. Qxf6 Bxb5 26. Qf7+ (26. cxb5 Qd5 $14) 26... Kh8 27. cxb5 (27. Qf6+ Kg8 $16)) 22... Bf8 $11 23. Bh6 $36 {[%mdl 2048] [#] And now Bxf8 would win. White has the initiative.} (23. Nxd4 Rxc4 24. Rfd1 Re5 $19) 23... Qc5 $2 {[%mdl 8192]} (23... Bc5 $11 {and Black has nothing to worry.}) 24. Bxf8 $18 Qxf8 25. Qxd4 Bb7 {intending ...Re2.} 26. Qxa7 Ba8 (26... Bc6 {keeps fighting.} 27. Qf2 Qb4) 27. Nc7 Re2 28. Nxa8 Rxa8 29. Qc7 Rc8 30. Qf4 Rxb2 31. a5 {[%cal Ba4a5,Ba5a6,Ba6a7][%mdl 32]} Re8 $2 (31... Rb7 32. a6 Ra7) 32. a6 {White is clearly winning.} Ree2 33. a7 Qa8 34. Qf3 Qd8 {Accuracy: White = 68%, Black = 20%.} 1-0

[Event "XXVII Actius Vallfogona Open"]
[Site "Vallfogona de Balaguer"]
[Date "2019.09.22"]
[Round "2.8"]
[White "Guerra Reig, Juan"]
[Black "Cuartas, Jaime Alexander"]
[Result "0-1"]
[WhiteElo "1998"]
[BlackElo "2523"]
[Annotator "TA"]
[PlyCount "76"]
[EventDate "2019.09.22"]
[EventCountry "ESP"]
[SourceTitle "playchess.com"]
[Source "ChessBase"]
[SourceQuality "1"]

{[%evp 20,76,22,20,32,25,32,22,40,28,22,24,35,25,48,45,57,17,33,29,47,52,48,41,52,22,58,59,65,41,59,0,0,-204,-208,-223,-216,-320,-305,-316,-243,-409,-369,-491,-449,-433,-431,-431,-431,-431,-420,-427,-420,-516,-404,-478,-471,-458,-461]} 1. c4 c6 2. Nc3 d5 3. cxd5 cxd5 4. d4 Nf6 5. Bf4 Nc6 6. e3 a6 7. Nf3 e6 8. Bd3 Bd6 9. Bxd6 Qxd6 10. O-O O-O 11. Rc1 Rd8 {D13: Slav Defence: Exchange variation without ...Bf5} (11... Bd7 12. Na4 Nb4 13. Bb1 Bxa4 14. Qxa4 Rfc8 15. Ne5 b5 16. Qa5 Ne8 17. Rxc8 Rxc8 18. a3 f6 19. axb4 fxe5 20. dxe5 Qxe5 21. Qxa6 {½-½ (40) Nakamura,H (2816)-Kamsky,G (2680) Las Vegas 2015}) 12. Na4 $146 ({Predecessor:} 12. Re1 e5 13. dxe5 Nxe5 14. Be2 Nfg4 15. Nxe5 Nxe5 16. Qd4 Nc6 17. Qh4 Bf5 18. Rcd1 d4 19. exd4 Nxd4 {1-0 (36) Cvitan,O (2526)-Zaja,I (2482) Rijeka 2001}) 12... h6 13. h3 Rb8 {The position is equal.} 14. a3 Bd7 15. Nc5 Be8 16. b4 e5 17. dxe5 Nxe5 18. Be2 Nc4 19. Qb3 b5 20. Rfd1 Qb6 21. Rd4 a5 22. Rcd1 axb4 23. axb4 Ra8 24. Qc2 Rdc8 25. e4 (25. Bd3 $14) 25... dxe4 $11 26. Nxe4 $2 {[#]} (26. Nh4 $11 {and White is okay.}) 26... Ne3 $1 $19 {[%mdl 576] Double Attack, Discovered Attack} 27. Nxf6+ (27. fxe3 Rxc2) 27... Qxf6 28. Qe4 (28. Qxc8 $142 Rxc8 29. fxe3) 28... Nxd1 29. Rxd1 Bc6 30. Qg4 $2 {[#]} (30. Qd4 {was worth a try.}) 30... Rd8 31. Rc1 Ra1 32. Rxa1 Qxa1+ 33. Kh2 Bxf3 34. Qxf3 Qd4 35. Qg3 Qxb4 36. Qc7 Rf8 37. Qb6 Qf4+ 38. g3 Rb8 {Accuracy: White = 37%, Black = 61%.} 0-1

[Event "XXVII Actius Vallfogona Open"]
[Site "Vallfogona de Balaguer"]
[Date "2019.09.22"]
[Round "2.9"]
[White "Panelo, Marcelo"]
[Black "Monfa Escola, Ramon"]
[Result "1-0"]
[WhiteElo "2360"]
[BlackElo "1945"]
[Annotator "TA"]
[PlyCount "70"]
[EventDate "2019.09.22"]
[EventCountry "ESP"]
[SourceTitle "playchess.com"]
[Source "ChessBase"]
[SourceQuality "1"]

{[%evp 16,70,82,70,81,81,96,88,103,75,81,74,78,78,94,66,80,79,85,81,79,70,86,95,88,80,109,104,342,116,288,86,130,86,124,81,260,256,332,133,235,252,385,0,966,951,1418,1497,1386,1383,1526,1505,5439,5418,29990,29991,29991]} 1. d4 d6 2. Nf3 g6 3. c4 Bg7 4. Nc3 Na6 5. e4 c5 6. d5 Nf6 7. Be2 O-O 8. O-O Nc7 9. Re1 a6 {E91: King's Indian: Classical: 6 Be2, unusual replies including 6...c5 and 6...Bg4} 10. a4 (10. Bf4 b5 11. Nd2 b4 12. Na4 e5 13. Bg5 Nce8 14. b3 h6 15. Be3 Kh7 16. a3 bxa3 17. Rxa3 {0-1 (36) Rechberger,F (2134)-Djeno,D (2237) Austria 2018}) 10... Nd7 11. Bf4 Ne8 $146 {White is better.} ({Predecessor:} 11... h6 12. Qd2 Kh7 13. h3 Ne5 14. Nxe5 dxe5 15. Be3 Qd6 16. a5 Bd7 {1-0 (34) Gharibyan,M (2085)-Nanyan,G (1570) Yerevan 2016}) 12. Bf1 Qc7 13. Qd2 Ne5 14. Nxe5 Bxe5 15. Bh6 Bg7 16. Bxg7 Nxg7 17. f4 Bd7 18. Bd3 Rae8 19. e5 Bf5 20. Bf1 Qa5 21. Qf2 Qb4 $2 {[#]} (21... f6 $16) 22. h3 $2 (22. a5 $18 {is the precise move to win.}) 22... h5 $2 (22... b6 $16) 23. Re3 $2 (23. a5 $18 {and the rest is easy. Threatens to win with Ra3.} b5 24. cxb5 axb5 25. Bxb5) 23... Bd7 24. Ne4 Nf5 25. Ree1 dxe5 $2 (25... Kg7 $16) 26. fxe5 $18 (26. Nxc5 Bc8 $18) 26... Bxa4 27. g4 (27. Qxc5 Qxc5+ 28. Nxc5 Bc2) (27. Nxc5 $18 {is more deadly.} Bc2 28. Nd7 (28. Qxc2 Qxc5+ 29. Qf2 Qxf2+ 30. Kxf2 Rc8 $16)) 27... hxg4 (27... Nd4 $16) 28. hxg4 ({Less strong is} 28. Qxc5 Qxb2 29. Rxa4 g3 $11) 28... Nd4 {[#]} (28... Nh6 {might work better.} 29. g5 (29. Nxc5 Nxg4 30. Rxa4 Qxa4 $16) (29. Qxc5 Qxb2 30. Rxa4 Nxg4 $16) 29... Nf5) 29. d6 $2 (29. Ra3 $1 $18) 29... Kg7 $2 {[%mdl 8192]} (29... Bc6 $11) 30. dxe7 Rh8 31. Qf6+ Kg8 32. Ng5 {[%csl Gg5][%cal Rf6f7]} Nf3+ 33. Nxf3 Qxb2 34. Rxa4 Qc2 35. Raa1 Qc3 {Accuracy: White = 46%, Black = 21%.} 1-0

[Event "XXVII Actius Vallfogona Open"]
[Site "Vallfogona de Balaguer"]
[Date "2019.09.22"]
[Round "2.10"]
[White "Fortuny Profitos, Jordi"]
[Black "Cruz, Jonathan"]
[Result "0-1"]
[WhiteElo "1869"]
[BlackElo "2409"]
[Annotator "TA"]
[PlyCount "46"]
[EventDate "2019.09.22"]
[EventCountry "ESP"]
[SourceTitle "playchess.com"]
[Source "ChessBase"]
[SourceQuality "1"]

{[%evp 13,46,0,41,12,7,-291,-307,-674,-190,-194,-196,-189,-197,-198,-166,-189,-190,-248,-250,-339,-306,-302,-274,-331,-326,-315,-310,-368,-361,-540,-516,-546,-529,-1355,-1349]} 1. d4 Nf6 2. c4 g6 3. f3 d5 4. cxd5 Nxd5 5. e4 Nb6 6. Nc3 Bg7 7. Be3 Nc6 {[%cal Rc6d4]} 8. Nge2 {D70: Grünfeld: Unusual White 3rd moves (met by ...d5)} (8. d5 Ne5 9. f4 Ng4 10. Bb5+ Bd7 11. Bd4 Bxd4 12. Qxd4 O-O 13. Bxd7 Qxd7 14. h3 Nf6 15. Nf3 c6 {½-½ (35) Ma,Q (2630)-Xu,X (2576) China 2019}) 8... O-O 9. Qd2 $2 {[%mdl 8192] [#]} (9. Bf2 $11) 9... Nc4 $146 ({Predecessor:} 9... Re8 10. O-O-O Nc4 11. Qd3 Nxe3 12. Qxe3 Na5 13. Qd3 a6 14. h4 b5 15. b3 Bb7 {0-1 (36) Jina,A (1508)-Velayudham,K (1497) Coventry 2015}) 10. Qc1 $2 (10. Qd3 N6e5 {[%mdl 64] Pin} 11. Qb1 Nxe3 12. dxe5) 10... Nxe3 $2 (10... Nb4 11. Nf4 Nxe3) 11. Qxe3 Nxd4 12. Nxd4 Bxd4 ({But not} 12... Qxd4 13. Qxd4 Bxd4 14. O-O-O $17) 13. Qd2 c5 14. O-O-O Be6 15. Qc2 (15. Be2 $142) 15... Qa5 16. a3 Rad8 17. Be2 a6 18. Nd5 Bxd5 19. exd5 Rxd5 20. Bc4 Rd6 21. Rd3 (21. Kb1 $142) 21... b5 {Black is clearly winning.} 22. Ba2 c4 23. b4 cxd3 {Accuracy: White =  9%, Black = 69%.} 0-1

[Event "XXVII Actius Vallfogona Open"]
[Site "Vallfogona de Balaguer"]
[Date "2019.09.22"]
[Round "3.1"]
[White "Baches Garcia, Guillermo"]
[Black "Munoz, Miguel"]
[Result "0-1"]
[WhiteElo "2322"]
[BlackElo "2519"]
[Annotator "ChessBase"]
[PlyCount "94"]
[EventDate "2019.09.22"]
[EventCountry "ESP"]
[SourceTitle "playchess.com"]
[Source "ChessBase"]
[SourceQuality "1"]
[TimeControl "900+5"]

1. e4 d5 2. exd5 Qxd5 3. Nc3 Qa5 4. g3 Bd7 5. Bg2 Bc6 6. Nf3 Nf6 7. O-O e6 8. d4 Nbd7 9. Bf4 Bd6 10. Bd2 Qh5 11. Re1 O-O 12. Ne5 Qxd1 13. Raxd1 Bxg2 14. Kxg2 Nb6 15. Bg5 Nfd5 16. Nxd5 exd5 17. Nd3 Nc4 18. Be7 Rfe8 19. Bxd6 Nxd6 20. f3 Nf5 21. Rxe8+ Rxe8 22. Rd2 f6 23. c3 Kf7 24. Kf2 g5 25. Re2 Rh8 26. Nc5 Nd6 27. Nd3 h5 28. Re1 a5 29. a4 h4 30. g4 Rb8 31. Re2 b6 32. Re1 Rc8 33. b4 Ra8 34. Rb1 axb4 35. Rxb4 Nc4 36. Nc1 Ke6 37. Ne2 Kd6 38. f4 gxf4 39. Nxf4 c5 40. dxc5+ bxc5 41. Rb1 Rxa4 42. Rd1 Ra2+ 43. Kg1 Ne3 44. Rd3 Ra1+ 45. Kf2 Nxg4+ 46. Ke2 Ra2+ 47. Kd1 Nf2+ 0-1

[Event "XXVII Actius Vallfogona Open"]
[Site "Vallfogona de Balaguer"]
[Date "2019.09.22"]
[Round "3.3"]
[White "Martinez Lopez, Ivan"]
[Black "Henriquez Villagra, Cristobal"]
[Result "0-1"]
[WhiteElo "2194"]
[BlackElo "2587"]
[Annotator "ChessBase"]
[PlyCount "94"]
[EventDate "2019.09.22"]
[EventCountry "ESP"]
[SourceTitle "playchess.com"]
[Source "ChessBase"]
[SourceQuality "1"]
[TimeControl "900+5"]

1. Nf3 d5 2. c4 c6 3. g3 Nf6 4. Bg2 Bf5 5. Qb3 Qb6 6. d3 e6 7. Be3 Qa6 8. O-O Be7 9. h3 h6 10. cxd5 exd5 11. Nc3 O-O 12. Rac1 Nbd7 13. Na4 Rfe8 14. Rfe1 Rac8 15. Nc5 Nxc5 16. Bxc5 Bxc5 17. Rxc5 b6 18. Rcc1 c5 19. a3 Re7 20. Nh4 Be6 21. d4 cxd4 22. Qb4 Ree8 23. Qxd4 Rxc1 24. Rxc1 Qxe2 25. Bf1 Qe4 26. Qxe4 Nxe4 27. Nf3 Rc8 28. Rxc8+ Bxc8 29. Nd4 Kf8 30. Bg2 Bd7 31. h4 Ke7 32. Bxe4 dxe4 33. Kf1 Kd6 34. Ke2 Kd5 35. Ke3 g5 36. hxg5 hxg5 37. Ne2 f5 38. b3 Ke5 39. f4+ exf3 40. Kxf3 Bb5 41. Nc3 Be8 42. Ke3 Bc6 43. Ne2 Bd5 44. b4 Bc4 45. Ng1 g4 46. a4 a6 47. a5 b5 {Kd4+} 0-1

[Event "XXVII Actius Vallfogona Open"]
[Site "Vallfogona de Balaguer"]
[Date "2019.09.22"]
[Round "3.4"]
[White "Moskalenko, Viktor"]
[Black "Pena Morales, Hugo"]
[Result "1/2-1/2"]
[WhiteElo "2475"]
[BlackElo "2203"]
[Annotator "ChessBase"]
[PlyCount "74"]
[EventDate "2019.09.22"]
[EventCountry "ESP"]
[SourceTitle "playchess.com"]
[Source "ChessBase"]
[SourceQuality "1"]
[TimeControl "900+5"]

1. d4 Nf6 2. c4 e6 3. Nc3 c5 4. d5 exd5 5. cxd5 Bd6 6. Nf3 O-O 7. Bg5 Re8 8. e3 a6 9. a4 Bc7 10. d6 Ba5 11. Bc4 h6 12. Bh4 Re4 13. Qd3 g5 14. Bg3 b5 15. Bd5 Nxd5 16. Qxd5 Bb7 17. Qxb7 Nc6 18. O-O Bxc3 19. bxc3 Ra7 20. Qc7 Rxc7 21. dxc7 Qc8 22. axb5 axb5 23. Rfd1 Re6 24. Rd5 d6 25. Rxd6 b4 26. cxb4 cxb4 27. Rxe6 fxe6 28. Rc1 Ne7 29. Nd4 Qb7 30. h4 b3 31. Nxb3 Qxb3 32. c8=Q+ Nxc8 33. Rxc8+ Kf7 34. Rc7+ Kg6 35. hxg5 Qd1+ 36. Kh2 Qh5+ 37. Kg1 Qd1+ 1/2-1/2